00974nam a2200265Ia 4500003000400000005001700004008004100021020001800062040001800080041000800098082001700106100002800123245013000151250001200281260003000293300002700323650003600350650004900386650003300435700003200468700003200500942002500532999001900557952013200576OSt20251103101415.0210716s2017 xx 000 0 und d a9781138044975 cAIMIT LIBRARY aeng a005.76bHAST aHastie, Trevor.9243438 aStatistical learning with sparsity: blasso and generalizations /cBy Trevor Hastie, Robert Tibshirani and Martin Wainwright. a1st ed. aNew YorkbCRC Pressc2017 axv,351 p.;bPBc24 cm. aLasso for linear models9243439 aGeneralizations of the Lasso penalty9243451 aOptimization methods9243452 aTibshirani, Robert.9243440 aWainwright, Martin.9243441 2ddccBKk005.76 HAST c196855d196855 001040708MCAaAIMITbAIMITeKnowledge Worldg2650.00l0o005.76 HASTpMCA16370r2026-05-23 00:00:00v1987.50w2021-07-16yBK